000 01439nam a2200337 i 4500
001 179860
003 ES-MaACL
005 20250901102756.0
008 120213s2002 sp |||| | spa d
020 _a84-95240-64-5
080 _a347.135.224(460):004.056.55
080 _a347.7(460):004.738.5
080 _a336.71:004.738.5
100 1 _aVilches Trassierra, Antonio José.
_9149353
245 1 0 _aAproximación a la sociedad de la información
_b: firma, comercio y banca electrónica /
_cAntonio José Vilches Trassierra ; con la colaboración especial de Emilio Manuel García Espínola.
250 _a[2ª ed.].
260 _a[Madrid] :
_bColegio de Registradores de la Propiedad y Mercantiles de España, Centro de Estudios Registrales,
_c2002.
300 _a503 p. ;
_c23 cm.
490 1 _aMonografías
504 _aBibliografía: p. 499-503.
650 0 7 _aFirma electrónica.
_912876
650 0 7 _aComercio electrónico
_2embne
_911167
650 7 _aBanca en Internet.
_9149354
700 1 _aGarcía Espínola, Emilio Manuel.
_9149355
710 2 _aColegio de Registradores de la Propiedad y Mercantiles de España.
_bCentro de Estudios Registrales.
_9162314
830 0 0 _aMonografías (Centro de Estudios Benaventanos "Ledo del Pozo")
_9177262
852 _aES-MaACL
_9186761
_bR.146846
_jA-11962
_dOlim: N-4967
_cDEPO1
942 _2udc
_cMONOGRAFIA
999 _c179860
_d179860